[Event "Fourmies op 35th"]
[Site "Fourmies"]
[Date "2011.06.13"]
[Round "6"]
[White "Van der Leij, Arjan GC"]
[Black "De Noose, Daniel"]
[Result "0-1"]
[WhiteElo "2078"]
[BlackElo "1862"]
[PlyCount "84"]
[EventDate "2011.06.11"]
[EventType "swiss"]
[EventRounds "7"]
[EventCountry "FRA"]
[SourceTitle "CBM 142 Extra"]
[Source "ChessBase"]
[SourceDate "2011.06.27"]
[SourceVersion "1"]
[SourceVersionDate "2011.06.27"]
[SourceQuality "1"]

1. e4 e5 2. f4 Nc6 3. Nc3 Nd4 4. Nf3 d6 5. d3 Bg4 6. Be2 Bxf3 7. Bxf3 Qh4+ 8. g3 Qh3 9. Nd5 Rc8 10. Be3 c6 11. Bxd4 exd4 12. Qe2 h5 13. 0-0-0 cxd5 14. exd5+ Kd8 15. Qe4 Nf6 16. Qxd4 b6 17. Rde1 Qd7 18. Re2 Be7 19. h3 Qb5 20. Rhe1 Rc7 21. Kb1 Ne8 22. c4 Qc5 23. Qe4 Nf6 24. Qe3 Qxe3 25. Rxe3 g6 26. Bd1 Ne8 27. Ba4 Ng7 28. Re4 Bf6 29. Bc6 Re7 30. Kc2 Nf5 31. Rg1 Nd4+ 32. Kb1 Nxc6 33. dxc6 Rhe8 34. Rge1 Kc7 35. b4 Kxc6 36. g4 hxg4 37. hxg4 Rxe4 38. dxe4 Bc3 39. b5+ Kc5 40. Rd1 Rxe4 41. Rd5+ Kxc4 42. Rxd6 Rxf4 0-1

[Event "Hainaut-ch"]
[Site "Manage"]
[Date "2008.08.23"]
[Round "4.10"]
[White "De Noose, Daniel"]
[Black "Dewinck, Bernard"]
[Result "1-0"]
[WhiteElo "1876"]
[BlackElo "1756"]
[PlyCount "49"]
[EventDate "2008.08.23"]
[EventType "swiss"]
[EventRounds "9"]
[EventCountry "BEL"]
[SourceTitle "EXT 2024"]
[Source "ChessBase"]
[SourceDate "2023.10.10"]
[SourceVersion "1"]
[SourceVersionDate "2023.10.10"]
[SourceQuality "1"]

1. e4 e5 2. Nf3 Nf6 3. Nc3 Nc6 4. d4 exd4 5. Nd5 Be7 6. Bc4 Nxe4 7. 0-0 0-0 8. Re1 Nf6 9. Nxe7+ Nxe7 10. Bg5 Ng6 11. Qxd4 d6 12. Rad1 h6 13. Qd3 Kh8 14. Bxf7 Rxf7 15. Qxg6 Qf8 16. Bxf6 gxf6 17. Rd4 Bd7 18. Nh4 Qg7 19. Qd3 Rg8 20. g3 Qh7 21. Qc3 Re7 22. Rxe7 Qxe7 23. Rf4 Kg7 24. Qxc7 Qe1+ 25. Kg2 1-0

[Event "FICGS W-ch st1 g17 email"]
[Site "FICGS email"]
[Date "2006.07.01"]
[Round "1"]
[White "Delouvroy, Kael"]
[Black "De Noose, Daniel"]
[Result "0-1"]
[WhiteElo "1812"]
[BlackElo "1470"]
[PlyCount "36"]
[EventDate "2006.??.??"]
[EventType "tourn (corr)"]
[EventRounds "8"]
[SourceTitle "Corr 2022"]
[Source "ChessBase"]
[SourceDate "2021.10.24"]
[SourceVersion "1"]
[SourceVersionDate "2021.10.24"]
[SourceQuality "1"]

1. e4 e5 2. Nf3 Nc6 3. Nc3 Nf6 4. Bb5 Bd6 5. d4 Nxd4 6. Nxd4 exd4 7. Qxd4 Qe7 8. Be2 b6 9. f4 Bc5 10. Qd3 Bb7 11. e5 Bxg2 12. exf6 Qxf6 13. Rf1 0-0 14. Bd2 Bxf1 15. Kxf1 d5 16. Nxd5 Qh4 17. Kg2 c6 18. Be1 Qh6 0-1

[Event "FICGS class D 000002 email"]
[Site "FICGS email"]
[Date "2006.04.15"]
[Round "1"]
[White "De Noose, Daniel"]
[Black "Cridland, Graham M"]
[Result "1-0"]
[WhiteElo "1400"]
[BlackElo "1700"]
[PlyCount "45"]
[EventDate "2006.??.??"]
[EventType "tourn (corr)"]
[EventRounds "6"]
[SourceTitle "Corr 2022"]
[Source "ChessBase"]
[SourceDate "2021.10.24"]
[SourceVersion "1"]
[SourceVersionDate "2021.10.24"]
[SourceQuality "1"]

1. e4 c5 2. c3 d5 3. exd5 Qxd5 4. d4 Nf6 5. Nf3 Nc6 6. Be2 g6 7. 0-0 Bg7 8. c4 Qd6 9. d5 Ne5 10. Nc3 Nxf3+ 11. Bxf3 a6 12. Re1 0-0 13. Bg5 Bf5 14. Qd2 Rfe8 15. Bf4 Qd7 16. h3 h5 17. a4 Rad8 18. a5 e6 19. Bg5 Qc7 20. Bxf6 Bxf6 21. g4 Bd4 22. gxf5 Qg3+ 23. Bg2 1-0

[Event "FICGS class D 000001 email"]
[Site "FICGS email"]
[Date "2006.04.12"]
[Round "1"]
[White "De Noose, Daniel"]
[Black "Baron, Ovidiu"]
[Result "1/2-1/2"]
[WhiteElo "1400"]
[BlackElo "1626"]
[PlyCount "30"]
[EventDate "2006.??.??"]
[EventType "tourn (corr)"]
[EventRounds "6"]
[SourceTitle "Corr 2022"]
[Source "ChessBase"]
[SourceDate "2021.10.24"]
[SourceVersion "1"]
[SourceVersionDate "2021.10.24"]
[SourceQuality "1"]

1. e4 e6 2. d4 d5 3. Nc3 Bb4 4. Bd2 dxe4 5. Qg4 Qxd4 6. 0-0-0 Nf6 7. Qxg7 Rg8 8. Qh6 Rg6 9. Qh4 Rg4 10. Qh3 Qxf2 11. Be2 Rg6 12. g4 Qc5 13. a3 Bxc3 14. Bxc3 e5 15. Bb4 Qb6 1/2-1/2

[Event "Aulnoye Aymeries"]
[Site "Aulnoye Aymeries"]
[Date "2005.08.11"]
[Round "8"]
[White "De Noose, Daniel"]
[Black "Przymusinski, Nicolas"]
[Result "1/2-1/2"]
[WhiteElo "1905"]
[BlackElo "1984"]
[PlyCount "39"]
[EventDate "2005.08.09"]
[EventType "tourn"]
[EventRounds "9"]
[EventCountry "FRA"]
[SourceTitle "EXT 2008"]
[Source "ChessBase"]
[SourceDate "2007.11.25"]
[SourceVersion "1"]
[SourceVersionDate "2007.11.25"]
[SourceQuality "1"]

1. e4 g6 2. d4 Bg7 3. Nc3 c6 4. f4 d5 5. e5 h5 6. Bd3 Nh6 7. h3 Bf5 8. Nge2 e6 9. Be3 Nd7 10. Qd2 Bxd3 11. Qxd3 Nf5 12. 0-0-0 h4 13. Bf2 Bf8 14. g4 hxg3 15. Nxg3 Nxg3 16. Bxg3 c5 17. h4 Rh5 18. Rdg1 Rc8 19. Bf2 cxd4 20. Ne2 1/2-1/2

[Event "Bethune op"]
[Site "Bethune"]
[Date "2004.07.08"]
[Round "6"]
[White "De Noose, Daniel"]
[Black "Renard, Stephane"]
[Result "0-1"]
[WhiteElo "2012"]
[BlackElo "1986"]
[PlyCount "50"]
[EventDate "2004.07.03"]
[EventType "swiss"]
[EventRounds "9"]
[EventCountry "FRA"]
[SourceTitle "EXT 2005"]
[Source "ChessBase"]
[SourceDate "2004.11.15"]
[SourceVersion "1"]
[SourceVersionDate "2004.11.15"]
[SourceQuality "1"]

1. e4 g6 2. d4 d6 3. Nc3 c6 4. f4 d5 5. e5 h5 6. Nf3 Bg4 7. Bd3 e6 8. h3 Bxf3 9. Qxf3 Nd7 10. g4 Qh4+ 11. Ke2 hxg4 12. Qg2 gxh3 13. Qg1 h2 14. Qg2 c5 15. Bb5 Qh5+ 16. Kd2 cxd4 17. Bxd7+ Kxd7 18. Nxd5 Rc8 19. Nf6+ Nxf6 20. Qxb7+ Rc7 21. Qb5+ Kd8 22. Qb8+ Rc8 23. Qxa7 Ne4+ 24. Kd3 Qf3+ 25. Be3 Qxe3# 0-1

[Event "Bethune op"]
[Site "Bethune"]
[Date "2004.07.06"]
[Round "4"]
[White "De Noose, Daniel"]
[Black "Bouhallel, Rabah"]
[Result "0-1"]
[WhiteElo "2012"]
[BlackElo "2339"]
[PlyCount "60"]
[EventDate "2004.07.03"]
[EventType "swiss"]
[EventRounds "9"]
[EventCountry "FRA"]
[SourceTitle "EXT 2005"]
[Source "ChessBase"]
[SourceDate "2004.11.15"]
[SourceVersion "1"]
[SourceVersionDate "2004.11.15"]
[SourceQuality "1"]

1. e4 Nc6 2. d4 d5 3. Nc3 e6 4. Nf3 Bb4 5. e5 Nge7 6. Bd3 Nf5 7. Bxf5 exf5 8. 0-0 Be6 9. Ne2 Be7 10. c3 h6 11. Qd3 Qd7 12. Ng3 g6 13. h4 a5 14. Be3 Kf8 15. Ne2 Kg7 16. g3 a4 17. Kg2 Na5 18. Rab1 f4 19. Nxf4 Bf5 20. Qd2 Be4 21. e6 fxe6 22. Rbe1 e5 23. dxe5 Qg4 24. Qe2 g5 25. Nh3 Rhf8 26. Nhg1 Rxf3 27. Nxf3 Rf8 28. Qb5 Qxf3+ 29. Kh3 Qg2+ 30. Kg4 Bf3# 0-1

[Event "Bethune op"]
[Site "Bethune"]
[Date "2004.07.04"]
[Round "2"]
[White "De Noose, Daniel"]
[Black "Benifei, Patrick"]
[Result "0-1"]
[WhiteElo "2012"]
[BlackElo "1907"]
[PlyCount "58"]
[EventDate "2004.07.03"]
[EventType "swiss"]
[EventRounds "9"]
[EventCountry "FRA"]
[SourceTitle "EXT 2005"]
[Source "ChessBase"]
[SourceDate "2004.11.15"]
[SourceVersion "1"]
[SourceVersionDate "2004.11.15"]
[SourceQuality "1"]

1. e4 c5 2. c3 d5 3. exd5 Qxd5 4. d4 cxd4 5. cxd4 Nc6 6. Nf3 Bg4 7. Be2 0-0-0 8. Nc3 Qa5 9. Be3 Qb6 10. 0-0 Nf6 11. d5 Qa5 12. Ng5 Be6 13. Nxe6 fxe6 14. Bg4 Nb4 15. Bxe6+ Kb8 16. Rc1 Nbxd5 17. Nxd5 Nxd5 18. Bxd5 Rxd5 19. Bf4+ e5 20. Bxe5+ Rxe5 21. Qd7 Be7 22. a3 Rd8 23. Qh3 Rh5 24. Qf3 Qd5 25. Qg3+ Qd6 26. f4 Bf6 27. Rfd1 Qxd1+ 28. Rxd1 Rxd1+ 29. Kf2 Bh4 0-1

[Event "Bethune op 24th"]
[Site "Bethune"]
[Date "2003.12.26"]
[Round "1"]
[White "De Noose, Daniel"]
[Black "Friess, Nicolas"]
[Result "0-1"]
[WhiteElo "2008"]
[BlackElo "2153"]
[PlyCount "94"]
[EventDate "2003.12.26"]
[EventType "swiss"]
[EventRounds "9"]
[EventCountry "FRA"]
[SourceTitle "CBM 098 Extra"]
[Source "ChessBase"]
[SourceDate "2004.03.10"]
[SourceVersion "2"]
[SourceVersionDate "2004.03.10"]
[SourceQuality "1"]

1. e4 e6 2. d4 d5 3. Nc3 Bb4 4. Bd2 dxe4 5. Qg4 Nf6 6. Qxg7 Rg8 7. Qh6 Qxd4 8. 0-0-0 Rg6 9. Qh4 Nc6 10. Nge2 Qe5 11. Bf4 Qa5 12. a3 Be7 13. Bd2 Rg4 14. Qh6 Qe5 15. Bf4 Qf5 16. Bxc7 Nd5 17. h4 Nxc7 18. Ng3 Qxf2 19. Ngxe4 Qf4+ 20. Qxf4 Rxf4 21. g3 Rg4 22. Be2 Rg7 23. Bh5 Bd7 24. Ng5 Bxg5+ 25. hxg5 Ne5 26. Ne4 Bc6 27. Nd6+ Ke7 28. Rhf1 Rd8 29. Nf5+ exf5 30. Rxd8 Kxd8 31. Rxf5 Ng6 32. Kd2 Ne6 33. Ke3 Nh8 34. c4 Rxg5 35. Rxg5 Nxg5 36. Kf4 h6 37. Kf5 Ng6 38. Bxg6 Be4+ 39. Kf6 fxg6 40. g4 Ne6 41. b4 Kd7 42. a4 a5 43. bxa5 Kd6 44. a6 bxa6 45. a5 Kc5 46. g5 hxg5 47. Ke7 g4 0-1

[Event "FRA-chT3 North 0304"]
[Site "France"]
[Date "2003.11.16"]
[Round "3.5"]
[White "Sergent, Francois"]
[Black "De Noose, Daniel"]
[Result "0-1"]
[WhiteElo "1680"]
[BlackElo "2008"]
[PlyCount "76"]
[EventDate "2003.11.??"]
[EventType "team"]
[EventRounds "9"]
[EventCountry "FRA"]
[SourceTitle "EXT 2006"]
[Source "ChessBase"]
[SourceDate "2005.11.24"]
[SourceVersion "1"]
[SourceVersionDate "2005.11.24"]
[SourceQuality "1"]
[WhiteTeam "Boulogne sur Mer"]
[BlackTeam "Aulnoye"]
[WhiteTeamCountry "FRA"]
[BlackTeamCountry "FRA"]

1. e4 e5 2. f4 Nc6 3. Nf3 f5 4. d3 fxe4 5. dxe4 exf4 6. Bxf4 Qf6 7. Qc1 Bb4+ 8. c3 Ba5 9. Bc4 Nge7 10. 0-0 h6 11. Bg3 g5 12. Nd4 Qg7 13. Nf5 Qh7 14. Na3 a6 15. Nc2 b5 16. Bb3 Bb7 17. Nxe7 Qxe7 18. Bf7+ Kd8 19. Bd5 Bb6+ 20. Kh1 Kc8 21. Rf7 Qe8 22. Qf1 Ne5 23. Bxe5 Bxd5 24. exd5 Qxe5 25. Qf6 Qxf6 26. Rxf6 Re8 27. Re1 Kb7 28. Rxh6 Rxe1+ 29. Nxe1 Re8 30. Nd3 Re2 31. Rf6 Rd2 32. Rf1 Rxd3 33. h3 Rxd5 34. Re1 Rd2 35. Re7 Rxb2 36. Rxd7 Rxa2 37. Rd5 Be3 38. Re5 Bf4 0-1